| 000 | 01772cam a22004214i 4500 | ||
|---|---|---|---|
| 003 | PE-LiUPU | ||
| 005 | 20250731172927.0 | ||
| 008 | s1966 miu r 000 0 spa d | ||
| 035 | _a(Sirsi) a204043 | ||
| 040 |
_aPE-LiUPU _bspa _cPE-LiUPU _erda |
||
| 049 | _aPRUA | ||
| 082 | 0 | 4 |
_a226.6 _bT72 _220 |
| 100 | 1 |
_aTorrance W, John, _eautor. |
|
| 245 | 1 | 4 |
_aThe acts of the apostles : _b14 - 28 / _cDavid W. Torrance. |
| 264 |
_aMichigan : _bEedarmans, _c1966. |
||
| 300 |
_a329 páginas ; _c19 centímetros. |
||
| 336 |
_text _2rdacontent |
||
| 337 |
_unmediated _2rdamedia |
||
| 338 |
_volume _2rdacarrier |
||
| 490 | 0 | _aCALVIN'S COMENTARIES | |
| 500 | 0 | _aThe second part of John calvin's Commentary on the acts of the apostles first appeared in 1554, two years after the first part. It was dedicated to frederick, son of the king of denmark, and king-elect. The dedicatory epistle is given at the beginning ofvolume 1 of the present translation, together with the dedicatory epistle to nicolas radzivil in the second edition of both parts, which was published in 1560. detailsof the various edition are given at the beginning of volume I. | |
| 526 | _aSEG42 | ||
| 526 | _aSEG41 | ||
| 526 | _aSEG40 | ||
| 526 | _aSEG39 | ||
| 526 | _aP94 | ||
| 526 | _aP87 | ||
| 526 | _aP86 | ||
| 526 | _aP85 | ||
| 526 | _aP77 | ||
| 526 | _aP76 | ||
| 526 | _aP35 | ||
| 630 | 0 | 4 |
_aBiblia. _pN.T. _pHechos _vComentarios _yPrimeras obras hasta 1800. |
| 596 | _a1 | ||
| 942 |
_2ddc _cBOOK |
||
| 999 |
_a226.6 T72 _wLC _c20422 _i76002 _f2021-11-9 _g4 _lCCODEBUL1 _mBUL _p30.00 _r0 _sY _tBOOK _u2017-5-23 _xTEOLOGIA _PP85 _0COMPRA _o.STAFF. Colección Teología _d20422 |
||
| 980 |
_81 _gALBERTO SANCHEZ Responsable de Automatización |
||